000 00643nam a22001937a 4500
005 20130607151239.0
010 _aENG-107382
020 _a9788178311869
_c650.00
035 _aEN-90915
037 _bDBAD/PUB
082 _a338.180951
100 _aDeepak, B.R.
245 _aChina :
_cby B.R. Deepak
_bagriculture, countryside and peasants /
260 _aNew Delhi
_bManak Publications
_c2010
270 _aB-7,Saraswati Complex, Subhash Chowk, Laxmi Nagar
_bNew Delhi
_e110092
300 _axviii,181p.:
_c23cm(Hb)
_bill.
500 _aIncludes bibliographical references and index
942 _2ddc
_cEN
_mDEE
_h338.180951
999 _c75999
_d75999